Normal view
MARC view
Entry Personal Name
001 - CONTROL NUMBER
- control field: 13739
003 - CONTROL NUMBER IDENTIFIER
- control field: NUST
005 - DATE AND TIME OF LATEST TRANSACTION
- control field: 20190227110944.0
008 - FIXED-LENGTH DATA ELEMENTS
- fixed length control field: 190227|| aca||aabn | a|a d
040 ## - CATALOGING SOURCE
- Original cataloging agency: NUST
- Transcribing agency: NUST
100 ## - HEADING--PERSONAL NAME
- Personal name:
- General subdivision: Department of Aerospace Engineering
670 ## - SOURCE DATA FOUND
- Source citation: Work cat.: (NUST)24693: Ahmad Junaid 13738, MS-Thesis: Finite Element Analyses of Crack Propagation Behaviour At A BI - Material Interface Under Impact Loading , 2005.
